| 000 | 00738nam a22002055i 4500 | ||
|---|---|---|---|
| 001 | 157172 | ||
| 003 | ES-MaACL | ||
| 005 | 20230906210615.0 | ||
| 008 | 040809s1608 it |||| | gre d | ||
| 040 |
_aCAM _bspa _cCAM |
||
| 100 | 1 |
_aLascaris, Constantino. _970423 |
|
| 245 | 1 | 0 |
_aEpitom¯e t¯on okto toy logoy meron ... / _cKonstantinoy Laskareos... |
| 260 |
_aRomae : _bapud Bartolomaeum Zannettum, _c1608. |
||
| 300 |
_a143, [1] p. ; _c8º. |
||
| 594 | _aTexto en griego. | ||
| 596 | _aMarca tip. en port. | ||
| 597 | _aSign: A-I8. | ||
| 650 | 0 | 4 |
_aLengua griega- _xGramática. _914245 |
| 852 |
_aES-MaACL _jR-929(1) _z-- Enc. perg. con cierres _z-- Ded. ms. de Cayo Ortega Mayor a la biblioteca del Ateneo _x Olim: G-3954 |
||
| 999 |
_c157172 _d157172 |
||